PIECES OF HER : (Record no. 174938)
[ view plain ]
| 000 -LEADER | |
|---|---|
| fixed length control field | 02277nam a22003377i 4500 |
| 003 - CONTROL NUMBER IDENTIFIER | |
| control field | PPAK |
| 005 - DATE AND TIME OF LATEST TRANSACTION | |
| control field | 20191113123016.0 |
| 008 - FIXED-LENGTH DATA ELEMENTS--GENERAL INFORMATION | |
| fixed length control field | 191113t20182018nyu g 000 1bengod |
| 020 ## - INTERNATIONAL STANDARD BOOK NUMBER | |
| International Standard Book Number | 9780062844361 |
| Terms of availability | RM89.90 |
| Qualifying information | paperback |
| International Standard Book Number | 9780008150839 |
| Terms of availability | RM69.90 |
| Qualifying information | paperback |
| 040 ## - CATALOGING SOURCE | |
| Original cataloging agency | PPAK |
| Language of cataloging | eng |
| Transcribing agency | PPAK |
| Description conventions | rda |
| 082 04 - DEWEY DECIMAL CLASSIFICATION NUMBER | |
| Edition number | 23 |
| Classification number | 813.6 |
| 090 00 - LOCALLY ASSIGNED LC-TYPE CALL NUMBER (OCLC); LOCAL CALL NUMBER (RLIN) | |
| Classification number (OCLC) (R) ; Classification number, CALL (RLIN) (NR) | 813.6 |
| Feature heading | SLA |
| Feature heading | G |
| 100 1# - MAIN ENTRY--PERSONAL NAME | |
| Personal name | Slaughter, Karin, |
| Dates associated with a name | 1971- |
| Relator term | author. |
| 245 10 - TITLE STATEMENT | |
| Title | PIECES OF HER : |
| Remainder of title | A Novel / |
| Statement of responsibility, etc. | Karin Slaughter |
| 250 ## - EDITION STATEMENT | |
| Edition statement | FIRST EDITION |
| 264 #1 - PRODUCTION, PUBLICATION, DISTRIBUTION, MANUFACTURE, AND COPYRIGHT NOTICE | |
| Place of production, publication, distribution, manufacture | New York : |
| Name of producer, publisher, distributor, manufacturer | William Morrow, an imprint of HarperCollinsPublishers, |
| Date of production, publication, distribution, manufacture, or copyright notice | [2018] |
| Place of production, publication, distribution, manufacture | London : |
| Name of producer, publisher, distributor, manufacturer | HarperCollins Publishers, |
| Date of production, publication, distribution, manufacture, or copyright notice | [2018] |
| Date of production, publication, distribution, manufacture, or copyright notice | ©2018 |
| 300 ## - PHYSICAL DESCRIPTION | |
| Extent | 2 volumes (470 pages) : |
| Dimensions | 23 cm |
| 336 ## - CONTENT TYPE | |
| Source | rdacontent |
| Content type term | text |
| 337 ## - MEDIA TYPE | |
| Source | rdamedia |
| Media type term | unmediated |
| 338 ## - CARRIER TYPE | |
| Source | rdacarrier |
| Carrier type term | volume |
| 520 ## - SUMMARY, ETC. | |
| Summary, etc. | "What if the person you thought you knew best turns out to be someone you never knew at all? Andrea Cooper knows everything about her mother, Laura. She knows she's spent her whole life in the small beachside town of Gullaway Island; she knows she's never wanted anything more than to live a quiet life as a pillar of the community; she knows she's never kept a secret in her life. Because we all know our mothers, don't we? But all that changes when a Saturday afternoon trip to the mall explodes into violence and Andrea suddenly sees a completely different side to Laura. Because it turns out that before Laura was Laura, she was someone completely different. For nearly thirty years she's been hiding from her previous identity, lying low in the hope that no one will ever find her. But now she's been exposed, and nothing will ever be the same again. Twenty-four hours later Laura is in the hospital, shot by an intruder who's spent thirty years trying to track her down and discover what she knows. Andrea is on a desperate journey following the breadcrumbs of her mother's past. And if she can't uncover the secrets hidden there, there may be no future for either one of them."--Publisher's description |
| 650 10 - SUBJECT ADDED ENTRY--TOPICAL TERM | |
| Topical term or geographic name entry element | Mothers and daughters |
| Form subdivision | Fiction |
| Topical term or geographic name entry element | Violence |
| Form subdivision | Fiction |
| Topical term or geographic name entry element | Identity (Psychology) |
| Form subdivision | Fiction |
| 655 7# - INDEX TERM--GENRE/FORM | |
| Genre/form data or focus term | Detective and mystery fiction |
| Genre/form data or focus term | Mystery fiction |
| 942 ## - ADDED ENTRY ELEMENTS (KOHA) | |
| Source of classification or shelving scheme | Dewey Decimal Classification |
| Koha item type | Book |
| Withdrawn | Not for loan | Current library | Shelving location | Date acquired | Total Checkouts | Total Renewals | Full call number | Barcode | Date last seen | Date last checked out | Koha item type |
|---|---|---|---|---|---|---|---|---|---|---|---|
| Perpustakaan Alor Setar | Pinjaman Dewasa | 24/11/2019 | 2 | 2 | 813.6 SLA | A01619787 | 03/07/2025 | 12/06/2025 | Book | ||
| Perpustakaan Alor Setar | Pinjaman Dewasa | 24/11/2019 | 1 | 813.6 SLA | A01619789 | 10/02/2020 | 15/01/2020 | Book | |||
| Perpustakaan Awam Sungai Petani | Pinjaman Dewasa | 24/11/2019 | 2 | 813.6 SLA | A01619790 | 28/01/2023 | 07/01/2023 | Book | |||
| Perpustakaan Kulim | Pinjaman Dewasa | 24/11/2019 | 6 | 813.6 SLA | A01619788 | 01/09/2025 | 11/08/2025 | Book |